Des ordinateurs au Sénégal, un projet pour des jeunes (notice n° 1640789)

détails MARC
000 -LEADER
fixed length control field 00707cam a2200157 4500500
005 - DATE AND TIME OF LATEST TRANSACTION
control field 20260201094725.0
041 ## - LANGUAGE CODE
Language code of text/sound track or separate title fre
042 ## - AUTHENTICATION CODE
Authentication code dc
100 10 - MAIN ENTRY--PERSONAL NAME
Personal name Descoffres, Lucien
Relator term author
245 00 - TITLE STATEMENT
Title Des ordinateurs au Sénégal, un projet pour des jeunes
260 ## - PUBLICATION, DISTRIBUTION, ETC.
Date of publication, distribution, etc. 2005.<br/>
500 ## - GENERAL NOTE
General note 75
520 ## - SUMMARY, ETC.
Summary, etc. Resumé « Projet social territorial » des départements, responsabilité du Rmi, programmes de politique pour la jeunesse... Le territoire est devenu l'acteur majeur du social. Enjeux, chances et risques de cette évolution.
786 0# - DATA SOURCE ENTRY
Note Revue Projet | 289 | 6 | 2005-06-01 | p. 37-40 | 0033-0884
856 41 - ELECTRONIC LOCATION AND ACCESS
Uniform Resource Identifier <a href="https://shs.cairn.info/revue-projet-2005-6-page-37?lang=fr&redirect-ssocas=7080">https://shs.cairn.info/revue-projet-2005-6-page-37?lang=fr&redirect-ssocas=7080</a>

Pas d'exemplaire disponible.

PLUDOC

PLUDOC est la plateforme unique et centralisée de gestion des bibliothèques physiques et numériques de Guinée administré par le CEDUST. Elle est la plus grande base de données de ressources documentaires pour les Étudiants, Enseignants chercheurs et Chercheurs de Guinée.

Adresse

627 919 101/664 919 101

25 boulevard du commerce
Kaloum, Conakry, Guinée

Réseaux sociaux

Powered by Netsen Group @ 2025